000 00900nam a2200253Ia 4500
003 OSt
005 20220923225214.0
006 a|||||r|||| 00| 0
007 ta
008 220922b |||||||| |||| 00| 0 pan d
020 _c150
024 _a260,243
037 _b541, 02/12/2011, H.K. Prakashan
_cTextual
040 _aARTS
_cARTS
_bpan
041 _2pan
_apan
082 _aO153:g, N8
100 _aਧੀਮਾਨ, ਹਰਬੰਸ ਸਿੰਘ
_9156274
245 0 _aਪਾਕਿਸਤਾਨੀ ਪੰਜਾਬੀ ਸਾਹਿੱਤ
_b ਨਿਕਾਸ ਤੇ ਵਿਕਾਸ
260 _aਰਾਜਪੁਰਾ
_b ਗਗਨ ਪ੍ਰਕਾFਨ
_c1998
300 _a179ਪੰ
_ccm.
650 _aਪੰਜਾਬੀ ਸਾਹਿਤ
942 _hO153:g, N8
_cTEXL
_2CC
999 _c376731
_d376731